Regímenes del bienestar en América Latina: tipos, mundos y políticas:
El documento presenta las preguntas y el problema de investigación, todas enfocadas al tema del bienestar en América Latina y un plan de la presentación de los resultados con el esquema capitular
Sparad:
| Huvudupphovsman: | |
|---|---|
| Materialtyp: | Text |
| Ämnen: | |
| Taggar: |
Lägg till en tagg
Inga taggar, Lägg till första taggen!
|
MARC
| LEADER | 00000 a a2200000 04500 | ||
|---|---|---|---|
| 001 | 8901 | ||
| 003 | |||
| 040 | |||
| 100 | |a Martínez Franzoni, Juliana | ||
| 245 | |a Regímenes del bienestar en América Latina: |b tipos, mundos y políticas: |b introducción y plan de presentación de resultados / |c Juliana Martínez Franzoni | ||
| 500 | |a Versión al 6 de setiembre | ||
| 520 | |a El documento presenta las preguntas y el problema de investigación, todas enfocadas al tema del bienestar en América Latina y un plan de la presentación de los resultados con el esquema capitular | ||
| 650 | |a BIENESTRAR SOCIAL | ||
| 650 | |a AMERICA LATINA | ||
| 773 | |g volumen 4; página 11 | ||
| 999 | |c 33072 |d 33072 | ||
